00270nam a2200121Ia 45000030006000000080041000060400015000471000016000622450032000782600009001105460012001190050017001310STCL150530s9999 xx 000 0 und d aSTCLcSTCL aLilly, W.S. aFirst Principles in Politcs c1899 aEnglish20220125165435.0